00393 a2200157 4500003000400000005001700004008004100021020001800062040000900080082002000089100001800109245003300127250001200160260005300172300001000225OSt20231227110547.0231214b |||||||| |||| 00| 0 eng d a9789395280587 coclc a894.8121bTHI/T aThiruvalluvar aThirukkural /cThiruvalluvar a1st ed. aThiruvananthapuram:bNational Book Stall,c2022. a352p.